000
00314 a2200157 4500
001
57334
020
_a
8526258486
040
_c
Anchieta - Pituba
100
_a
Rodrigues, Sonia
240
1
0
_a
Medéia
_l
por
245
1
0
_a
Medéia
300
_a
48
362
0
_a
2005
650
4
_a
Literatura juvenil
942
_c
BK
999
_c
57334
_d
57334